[Event "50th Rilton Cup 2022-23"]
[Site "Stockholm SWE"]
[Date "2022.12.28"]
[Round "2.21"]
[White "Alonso Garcia, Aaron"]
[Black "Dubkov, Andrej"]
[Result "1/2-1/2"]
[WhiteTitle "IM"]
[BlackTitle "FM"]
[WhiteElo "2439"]
[BlackElo "2330"]
[WhiteFideId "24521060"]
[BlackFideId "4686411"]
[EventDate "2022.12.27"]

1. e4 c5 2. Nf3 e6 3. d4 cxd4 4. Nxd4 a6 5. Bd3 Bc5 6. Nb3 Ba7 7. Qg4 Nf6 8. Qg3
d6 9. Nc3 Nc6 10. Bg5 h6 11. Bd2 Nh5 12. Qf3 Nf6 13. Rf1 Ne5 14. Qg3 b5 15. a3
g5 16. Be2 Nc4 17. f4 Nxd2 18. Nxd2 gxf4 19. Qxf4 Bd4 20. O-O-O Be5 21. Qe3 Rb8
22. Nf3 Ng4 23. Qd2 Qb6 24. Nxe5 Nxe5 25. Qxd6 Qxd6 26. Rxd6 Ke7 27. Rd4 Rg8 28.
g3 Bd7 29. Nd1 Bc6 30. Nf2 Rbd8 31. Rfd1 Rxd4 32. Rxd4 Be8 33. b3 f6 34. c4 bxc4
35. Bxc4 a5 36. Be2 Bd7 37. Kb2 Rb8 38. Ng4 Nxg4 39. Bxg4 Rg8 40. Be2 Rg5 41. a4
Re5 42. Bd1 Bc6 43. Bc2 Rc5 44. b4 e5 45. Rd7+ Kxd7 46. bxc5 Bb7 47. Kc3 Kc6 48.
Kc4 Ba6+ 49. Kb3 Kxc5 50. Kc3 Bc8 51. Bd3 Bd7 52. Bc2 Bc6 53. h4 Bb7 54. Bd3 Bc8
55. Bc4 Bd7 56. Bb3 Bg4 57. Bc4 Bf3 58. Bd3 Bg4 59. Bc4 Bh3 60. Ba2 Bg2 61. Bb1
Bf1 62. Bc2 Bh3 63. Bd1 Bd7 64. Bb3 Bg4 1/2-1/2

[Event "50th Rilton Cup 2022-23"]
[Site "Stockholm SWE"]
[Date "2022.12.28"]
[Round "2.22"]
[White "Petursson, Margeir"]
[Black "Shohat, Yotam"]
[Result "1/2-1/2"]
[WhiteTitle "GM"]
[BlackTitle "FM"]
[WhiteElo "2437"]
[BlackElo "2294"]
[WhiteFideId "2300028"]
[BlackFideId "2813955"]
[EventDate "2022.12.27"]

1. d4 Nf6 2. c4 g6 3. Nc3 Bg7 4. e4 O-O 5. Bg5 d6 6. Be2 Na6 7. Qd2 e5 8. d5 Qe8
9. Bd3 Nh5 10. Nge2 f5 11. f3 Bd7 12. O-O-O Nc5 13. Bc2 fxe4 14. Nxe4 Nxe4 15.
Bxe4 b5 16. cxb5 Bxb5 17. Kb1 Qb8 18. Be3 Qb7 19. Rc1 a5 20. Rc2 Rfc8 21. Rhc1
Be8 22. Rc3 a4 23. Rc4 Rab8 24. a3 Nf6 25. Rb4 Qa8 26. Rxb8 Qxb8 27. Rc4 c5 28.
dxc6 d5 29. Rb4 Qd6 30. Bc2 Bxc6 31. Nc3 Qc7 32. Bb6 1/2-1/2

[Event "50th Rilton Cup 2022-23"]
[Site "Stockholm SWE"]
[Date "2022.12.28"]
[Round "2.23"]
[White "Ram, Aravind L N"]
[Black "Wiedenkeller, Michael"]
[Result "1/2-1/2"]
[WhiteTitle "FM"]
[BlackTitle "IM"]
[WhiteElo "2272"]
[BlackElo "2435"]
[WhiteFideId "25033760"]
[BlackFideId "1700146"]
[EventDate "2022.12.27"]

1. e4 e5 2. Nf3 Nc6 3. Bb5 Nf6 4. d3 Bc5 5. O-O Nd4 6. Nxd4 Bxd4 7. c3 Bb6 8. d4
O-O 9. dxe5 Nxe4 10. Bd3 d5 11. Qe2 Qh4 12. Be3 Re8 13. Bxb6 axb6 14. f4 Nc5 15.
Bc2 Qg4 16. Qxg4 Bxg4 17. Re1 f6 18. Nd2 fxe5 19. fxe5 Re7 20. Re3 Rf8 21. b4
Ne6 22. h3 Bf5 23. Bb3 c6 24. Rf1 Bg6 25. Nf3 Rf4 26. Nd4 Rxf1+ 27. Kxf1 Rf7+
28. Rf3 Rxf3+ 29. Nxf3 Kf7 30. Kf2 Nf4 31. c4 Ke6 32. Kg3 Nd3 33. cxd5+ cxd5 34.
a3 Be4 35. Bc2 Nxe5 36. Nd4+ Kf6 37. Bxe4 dxe4 38. Kf4 Nc4 39. Kxe4 Nxa3 40. Kd5
Kg5 41. g3 Kf6 1/2-1/2

[Event "50th Rilton Cup 2022-23"]
[Site "Stockholm SWE"]
[Date "2022.12.28"]
[Round "2.24"]
[White "Prraneeth, Vuppala"]
[Black "Dobrikov, Marco"]
[Result "1-0"]
[WhiteTitle "IM"]
[BlackTitle "FM"]
[WhiteElo "2427"]
[BlackElo "2228"]
[WhiteFideId "46622373"]
[BlackFideId "12950378"]
[EventDate "2022.12.27"]

1. d4 Nf6 2. c4 g6 3. Nc3 Bg7 4. e4 d6 5. Nge2 O-O 6. Ng3 e5 7. d5 c6 8. Be2 a6
9. h4 b5 10. h5 b4 11. Na4 Bd7 12. Be3 c5 13. Nxc5 dxc5 14. h6 Bh8 15. Bxc5 a5
16. Be3 Ne8 17. c5 Bf6 18. Rc1 Bg5 19. Qd2 Bxe3 20. Qxe3 Na6 21. O-O Qb8 22. d6
Qc8 23. f4 Nb8 24. f5 Nc6 25. Bc4 Qd8 26. fxg6 hxg6 27. Rxf7 Rxf7 28. Rf1 Nf6
29. Qg5 Kh8 30. Bxf7 Nh7 31. Qxg6 Qg5 32. Nh5 Qxg6 33. Bxg6 Ng5 34. Nf6 Be6 35.
Be8 Rc8 36. Bxc6 Rxc6 37. d7 Bxd7 38. Nxd7 Nxe4 39. Re1 Nd2 40. Re2 Nc4 41. b3
Rc7 42. Nxe5 Nxe5 43. Rxe5 Kh7 44. Kf2 Kxh6 45. Ke3 1-0

[Event "50th Rilton Cup 2022-23"]
[Site "Stockholm SWE"]
[Date "2022.12.28"]
[Round "2.25"]
[White "Oratovsky, Michael"]
[Black "Adithya A Chullikkad"]
[Result "1/2-1/2"]
[WhiteTitle "GM"]
[BlackTitle "CM"]
[WhiteElo "2422"]
[BlackElo "2206"]
[WhiteFideId "2802090"]
[BlackFideId "45078734"]
[EventDate "2022.12.27"]

1. e4 c5 2. Nf3 d6 3. Bb5+ Nd7 4. O-O a6 5. Bd3 Ngf6 6. Re1 b5 7. c4 b4 8. a3
bxa3 9. Rxa3 g6 10. Bf1 Bg7 11. d4 cxd4 12. Nxd4 O-O 13. Nc6 Qe8 14. Nc3 Nb8 15.
e5 dxe5 16. Nxe5 Nc6 17. Nxc6 Qxc6 18. Nd5 Nxd5 19. cxd5 Qd6 1/2-1/2

[Event "50th Rilton Cup 2022-23"]
[Site "Stockholm SWE"]
[Date "2022.12.28"]
[Round "2.26"]
[White "Goh, Zi Han"]
[Black "Milikow, Yoav"]
[Result "0-1"]
[WhiteTitle "CM"]
[BlackTitle "IM"]
[WhiteElo "2126"]
[BlackElo "2416"]
[WhiteFideId "5819156"]
[BlackFideId "2822237"]
[EventDate "2022.12.27"]

1. d4 Nf6 2. c4 g6 3. Nc3 d5 4. cxd5 Nxd5 5. e4 Nxc3 6. bxc3 Bg7 7. Bc4 c5 8.
Ne2 Nc6 9. Be3 O-O 10. O-O Bg4 11. f3 Na5 12. Bd3 cxd4 13. cxd4 Be6 14. Rc1 Bxa2
15. Qa4 Be6 16. d5 Bd7 17. Qb4 b5 18. Nd4 Nc4 19. Bxc4 a5 20. Qd2 bxc4 21. Rxc4
a4 22. Bh6 Bxh6 23. Qxh6 Qb6 24. Kh1 Rfc8 25. Rxc8+ Rxc8 26. Qe3 a3 27. e5 a2
28. e6 Be8 29. Qd3 Qb2 30. Qd1 Ra8 31. exf7+ Kxf7 32. Nb3 Ba4 33. Qe1 Bxb3 34.
Qe6+ Kf8 35. Re1 0-1

[Event "50th Rilton Cup 2022-23"]
[Site "Stockholm SWE"]
[Date "2022.12.28"]
[Round "2.27"]
[White "Hillarp Persson, Tiger"]
[Black "Grahn, Vidar"]
[Result "1-0"]
[WhiteTitle "GM"]
[WhiteElo "2523"]
[BlackElo "1980"]
[WhiteFideId "1700812"]
[BlackFideId "1744780"]
[EventDate "2022.12.27"]

1. d4 d5 2. c4 c6 3. Nf3 Nf6 4. e3 Bf5 5. Nc3 e6 6. Nh4 Be4 7. f3 Bg6 8. Qb3 Qb6
9. Nxg6 hxg6 10. Bd2 Bd6 11. c5 Qxb3 12. axb3 Rxh2 13. Rxh2 Bxh2 14. b4 Bc7 15.
b5 cxb5 16. Nxb5 Bg3+ 17. Kd1 Nc6 18. f4 Kd7 19. Nd6 g5 20. b4 gxf4 21. b5 Nd8
22. b6 fxe3 23. Bb5+ Ke7 24. Rxa7 Rb8 25. Bb4 Nd7 26. Nxb7 Nxb7 27. Bc6 e5 28.
Bxb7 Kf6 29. c6 exd4 30. cxd7 d3 31. Ra8 e2+ 32. Kc1 d2+ 33. Bxd2 Rxa8 34. Bxa8
Ke7 35. b7 Kxd7 36. Be1 Bb8 37. Kd2 f5 38. Kxe2 g5 39. Kd3 g4 40. Kd4 Ke6 41.
Kc5 f4 42. Bc3 g3 43. Bd4 Ba7+ 44. Kb5 Bb8 45. Kc6 f3 46. gxf3 g2 47. Bg1 Bf4
48. Kc5 Bb8 49. Kd4 Kf5 50. Ke3 Bg3 51. Kd3 Bb8 52. Ke2 Bg3 53. b8=Q Bxb8 54.
Kf2 Ba7+ 55. Kxg2 d4 56. Be4+ Kf4 57. Bd3 Bc5 58. Kf2 Bb6 59. Bh2+ Kg5 60. Be5
Bc5 61. Kg3 Kh6 62. Kg4 Ba3 63. f4 Bc5 64. f5 Be7 65. Bxd4 Bg5 66. Bg7+ 1-0

[Event "50th Rilton Cup 2022-23"]
[Site "Stockholm SWE"]
[Date "2022.12.28"]
[Round "2.28"]
[White "Deuer, Marius"]
[Black "Jacobson, Brandon"]
[Result "0-1"]
[WhiteTitle "FM"]
[BlackTitle "GM"]
[WhiteElo "2324"]
[BlackElo "2551"]
[WhiteFideId "16236432"]
[BlackFideId "30901561"]
[EventDate "2022.12.27"]

1. d4 Nf6 2. c4 g6 3. g3 Bg7 4. Bg2 O-O 5. Nc3 d6 6. Nf3 Nbd7 7. O-O e5 8. h3
Re8 9. e4 exd4 10. Nxd4 Nc5 11. Re1 h6 12. Nb3 Ne6 13. f4 a5 14. Be3 a4 15. Nd4
Nxd4 16. Bxd4 Be6 17. Nd5 c5 18. Bc3 Bxd5 19. exd5 Rxe1+ 20. Qxe1 a3 21. Qd2 Nh5
22. Rb1 axb2 23. Bxg7 Nxg7 24. Rxb2 Nf5 25. g4 Nd4 26. Rxb7 Qf6 27. Rb2 Re8 28.
Qf2 Qd8 29. Kh2 Qa5 30. f5 g5 31. Qg3 Ne2 32. Qf2 Nf4 33. Qd2 Qd8 34. Qc3 Ne2
35. Qd3 Qe7 36. Kh1 Qe5 37. Rc2 Qa1+ 0-1

[Event "50th Rilton Cup 2022-23"]
[Site "Stockholm SWE"]
[Date "2022.12.28"]
[Round "2.29"]
[White "Tanmay, Chopra"]
[Black "Krasenkow, Michal"]
[Result "1-0"]
[WhiteTitle "FM"]
[BlackTitle "GM"]
[WhiteElo "2329"]
[BlackElo "2541"]
[WhiteFideId "25630946"]
[BlackFideId "1113100"]
[EventDate "2022.12.27"]

1. d4 Nf6 2. c4 g6 3. Nc3 d5 4. cxd5 Nxd5 5. e4 Nxc3 6. bxc3 Bg7 7. Qa4+ Nd7 8.
Nf3 O-O 9. Qa3 c5 10. h4 cxd4 11. cxd4 Nf6 12. e5 Nd5 13. h5 Bf5 14. h6 Bh8 15.
Be2 Qd7 16. O-O f6 17. Bd2 Be4 18. exf6 Bxf6 19. Ne5 Bxe5 20. dxe5 Qc7 21. Qg3
Qc2 22. Rfd1 Rac8 23. Bg4 Bf5 24. Rac1 Qe4 25. Bf3 Rxc1 26. Bxc1 Nc3 27. Bxe4
Ne2+ 28. Kh2 Nxg3 29. Bd5+ e6 30. Bxb7 Be4 31. Kxg3 Bxb7 32. Ba3 Rc8 33. Rd7
Rc3+ 34. f3 Rxa3 35. Rg7+ Kf8 36. Rxb7 Rxa2 37. Rxh7 a5 38. Rh8+ Kf7 39. Ra8 1-0

[Event "50th Rilton Cup 2022-23"]
[Site "Stockholm SWE"]
[Date "2022.12.28"]
[Round "2.30"]
[White "Srinath, Rao S.V."]
[Black "Abdrlauf, Elham"]
[Result "0-1"]
[WhiteTitle "IM"]
[BlackTitle "IM"]
[WhiteElo "2296"]
[BlackElo "2518"]
[WhiteFideId "5028876"]
[BlackFideId "1533533"]
[EventDate "2022.12.27"]

1. e4 c6 2. Nc3 d5 3. Nf3 dxe4 4. Nxe4 Nf6 5. Qe2 Nxe4 6. Qxe4 Nd7 7. Bc4 Nf6 8.
Ne5 e6 9. Qe2 b5 10. Bd3 Qc7 11. a4 Bd6 12. Nxc6 b4 13. Nd4 a6 14. Nf5 Be5 15.
Ne3 Bb7 16. c3 O-O 17. h3 bxc3 18. bxc3 Bxc3 19. Rb1 Bd4 20. O-O Rfd8 21. Ba3
Qd7 22. Bc2 Bc6 23. Rfc1 Bxa4 24. Bxa4 Qxa4 25. Be7 Rdc8 26. Nc4 Nd5 27. Bd6 Qc6
28. Qg4 Bf6 29. d4 a5 30. Bc5 a4 31. Qg3 Qd7 32. Rc2 Qc7 33. Nd6 Rcb8 34. Rbc1
h6 35. Qg4 Bg5 36. Re1 a3 37. Ra2 Nb4 38. h4 Bf4 39. Ne8 Rxe8 40. Bxb4 Qc4 41.
Rae2 a2 0-1

[Event "50th Rilton Cup 2022-23"]
[Site "Stockholm SWE"]
[Date "2022.12.28"]
[Round "2.31"]
[White "Rakesh, Kumar Jena"]
[Black "Kulaots, Kaido"]
[Result "0-1"]
[WhiteTitle "IM"]
[BlackTitle "GM"]
[WhiteElo "2303"]
[BlackElo "2513"]
[WhiteFideId "5084822"]
[BlackFideId "4500261"]
[EventDate "2022.12.27"]

1. e4 c5 2. Nc3 e6 3. Nf3 a6 4. d4 cxd4 5. Nxd4 b5 6. g3 Bb7 7. Bg2 Nc6 8. O-O
Nxd4 9. Qxd4 Ne7 10. Bf4 Nc6 11. Qd2 f6 12. Rad1 Ne5 13. Qe2 Qc7 14. Be3 Bc5 15.
Bxc5 Qxc5 16. Qh5+ g6 17. Qh6 Bc6 18. Qg7 O-O-O 19. Ne2 Rhg8 20. Qxf6 Rdf8 21.
b4 Rxf6 22. bxc5 Nf3+ 23. Kh1 Bxe4 24. Rd6 Bc6 25. Rfd1 Rgf8 26. Nf4 g5 27. Nd3
a5 28. Rb1 h5 29. a4 b4 30. Nb2 h4 31. Nc4 h3 32. Bxh3 Ne5+ 33. Rxc6+ Nxc6 0-1

[Event "50th Rilton Cup 2022-23"]
[Site "Stockholm SWE"]
[Date "2022.12.28"]
[Round "2.32"]
[White "Cederstam, Carl"]
[Black "Seo, Jung Min"]
[Result "0-1"]
[WhiteTitle "FM"]
[BlackTitle "IM"]
[WhiteElo "2276"]
[BlackElo "2502"]
[WhiteFideId "1713329"]
[BlackFideId "1734687"]
[EventDate "2022.12.27"]

1. e4 c5 2. Nc3 Nc6 3. Bb5 Nd4 4. Nf3 e6 5. O-O a6 6. Bd3 Nc6 7. b3 d6 8. Bb2
Nf6 9. Re1 Be7 10. e5 dxe5 11. Nxe5 Nxe5 12. Rxe5 Bd7 13. Rg5 g6 14. Qf3 Bc6 15.
Ne4 Nxe4 16. Bxe4 Bxe4 17. Qxe4 Bxg5 18. Bxh8 Qd5 19. Qxd5 exd5 20. Bb2 Kd7 21.
Kf1 Re8 22. Rd1 b5 23. d3 d4 24. Re1 Rc8 25. Ke2 Bf6 26. Kd1 Kd6 27. Re4 Kd5 28.
Rf4 Rc6 29. Bc1 h5 30. Bd2 Re6 31. h3 Rc6 32. Rf3 Ke6 33. Rf4 Be5 34. Re4 f5 35.
Re1 Kd5 36. f4 Bd6 37. Re8 c4 38. Rg8 c3 39. Bc1 Be7 40. g3 h4 41. Re8 Bf6 42.
gxh4 b4 43. a3 Re6 44. Rxe6 Kxe6 45. h5 a5 46. axb4 axb4 47. hxg6 Be7 48. Ke2
Kf6 49. Kf3 Kxg6 50. Kg3 Kh5 51. Kf3 Bh4 52. Ke2 Bg3 53. Kf3 Kh4 54. Kg2 Be1 55.
Kf1 Bd2 56. Bxd2 cxd2 57. Ke2 Kg3 58. Kxd2 Kxf4 59. Ke1 Kg3 60. Ke2 f4 61. Kf1
Kxh3 62. Kf2 Kg4 63. Ke2 Kg3 64. Kd2 f3 65. Kc1 f2 66. Kb2 f1=Q 67. Ka2 Kf3 68.
Kb2 Ke3 69. Ka2 Kd2 70. Kb2 Qc1+ 71. Ka2 Qxc2+ 72. Ka1 Qc8 73. Kb2 Kxd3 0-1

[Event "50th Rilton Cup 2022-23"]
[Site "Stockholm SWE"]
[Date "2022.12.28"]
[Round "2.33"]
[White "Aditya, Mittal"]
[Black "Dixit, Nikhil"]
[Result "1/2-1/2"]
[WhiteTitle "IM"]
[BlackTitle "FM"]
[WhiteElo "2479"]
[BlackElo "2306"]
[WhiteFideId "35042025"]
[BlackFideId "5059534"]
[EventDate "2022.12.27"]

1. d4 Nf6 2. c4 g6 3. Nc3 Bg7 4. e4 d6 5. h3 Nbd7 6. Be3 e5 7. d5 Nc5 8. Qc2 a5
9. Nge2 c6 10. g4 cxd5 11. cxd5 O-O 12. Ng3 Bd7 13. a4 Qb6 14. g5 Ne8 15. Bb5
Qd8 16. h4 Nc7 17. h5 Nxb5 18. Nxb5 Bxb5 19. axb5 Rc8 20. Qd1 Qd7 21. Rxa5 b6
22. Ra3 Qxb5 23. Qe2 Qb4+ 24. Qd2 Qb5 25. Qe2 Qb4+ 26. Qd2 Qb5 27. h6 Bh8 28.
Qe2 Qb4+ 29. Qd2 Qb5 30. Bxc5 Rxc5 31. Ne2 Qc4 32. f3 f6 33. gxf6 Bxf6 34. Kf2
Qb5 35. Ra7 Qb3 36. Ra3 Qb5 37. Ra7 Qb3 38. Nc3 b5 39. Ra3 Qb4 40. Kg3 Qd4 41.
Qe2 b4 42. Ra4 Rc4 43. Rd1 Qc5 44. Rda1 Rc8 45. Ra5 Qc7 46. Nb5 Qd8 47. Ra8 Bh4+
48. Kh3 Qg5 49. Kh2 Qf4+ 50. Kg2 Qg5+ 51. Kh2 Qf4+ 52. Kg2 Qg5+ 53. Kh2 1/2-1/2

[Event "50th Rilton Cup 2022-23"]
[Site "Stockholm SWE"]
[Date "2022.12.28"]
[Round "2.34"]
[White "Olsson, William"]
[Black "Westerberg, Jonathan"]
[Result "1/2-1/2"]
[WhiteTitle "FM"]
[BlackTitle "GM"]
[WhiteElo "2290"]
[BlackElo "2476"]
[WhiteFideId "1741721"]
[BlackFideId "1701754"]
[EventDate "2022.12.27"]

1. c4 g6 2. Nc3 Bg7 3. g3 e6 4. Bg2 Ne7 5. d4 d5 6. cxd5 exd5 7. Nf3 O-O 8. O-O
c6 9. Bf4 Nf5 10. Qd2 Re8 11. h4 Nd6 12. b3 Ne4 13. Nxe4 dxe4 14. Ng5 f5 15.
Rad1 h6 16. Nh3 Kh7 17. f3 exf3 18. Bxf3 Nd7 19. d5 cxd5 20. Qxd5 Qb6+ 21. Kg2
Nf6 22. Qf7 Rf8 23. Qe7 Re8 24. Qf7 Rf8 25. Qc7 Qxc7 26. Bxc7 a5 27. Nf4 a4 28.
Nd5 axb3 29. axb3 Ra2 30. b4 Ne4 31. b5 Nd2 32. Rf2 Rb2 33. b6 Re8 34. e3 Nxf3
35. Kxf3 g5 36. Rxb2 Bxb2 37. hxg5 hxg5 38. Nb4 Bc3 39. Nd5 Bg7 40. Nb4 Bf8 41.
Nd3 1/2-1/2

[Event "50th Rilton Cup 2022-23"]
[Site "Stockholm SWE"]
[Date "2022.12.28"]
[Round "2.35"]
[White "Dann, Matthias"]
[Black "Shailesh, Dravid"]
[Result "1-0"]
[WhiteTitle "IM"]
[BlackTitle "FM"]
[WhiteElo "2465"]
[BlackElo "2286"]
[WhiteFideId "24638056"]
[BlackFideId "25017969"]
[EventDate "2022.12.27"]

1. e4 e5 2. Nf3 Nc6 3. Bc4 Bc5 4. c3 Nf6 5. d3 a6 6. O-O d6 7. a4 O-O 8. h3 h6
9. Na3 Ba7 10. Nc2 Ne7 11. Re1 c6 12. Ba2 Ng6 13. Be3 Bb8 14. d4 Nxe4 15. dxe5
d5 16. c4 Nxe5 17. Nxe5 Bxe5 18. cxd5 Bxb2 19. dxc6 Bxa1 20. cxb7 Bxb7 21. Qxa1
Rc8 22. Nd4 Nc3 23. Bb3 Qf6 24. Kh2 Rfd8 25. Ne2 Qc6 26. f3 Re8 27. Ng3 Qd6 28.
Qb2 Bd5 29. Qd2 Qc6 30. Bc2 Red8 31. Nf5 Rd7 32. Bd4 f6 33. Qf2 Be6 34. Nxh6+
gxh6 35. Bxf6 Qd6+ 36. f4 Rg7 37. Be5 Qc6 38. Bxg7 Kxg7 39. Qg3+ Kf8 40. Qh4 Rc7
41. Qxh6+ Rg7 42. Qf6+ Rf7 43. Qxe6 Qxe6 44. Rxe6 Rxf4 45. Rxa6 Nd5 46. Re6 Rf2
47. Be4 Nc3 48. Bc6 Ra2 49. Re8+ Kf7 50. Ra8 1-0

[Event "50th Rilton Cup 2022-23"]
[Site "Stockholm SWE"]
[Date "2022.12.28"]
[Round "2.36"]
[White "Zumsande, Martin"]
[Black "Stefanou, Dimitrios"]
[Result "1/2-1/2"]
[WhiteTitle "IM"]
[WhiteElo "2465"]
[BlackElo "2266"]
[WhiteFideId "4651324"]
[BlackFideId "25825011"]
[EventDate "2022.12.27"]

1. e4 e5 2. Nf3 Nc6 3. Bc4 Bc5 4. d3 Qf6 5. a4 d6 6. c3 a5 7. Na3 Bg4 8. Nc2
Nge7 9. Ne3 Bxf3 10. Qxf3 Qxf3 11. gxf3 Nd8 12. Rg1 Rg8 13. Nc2 Ne6 14. Be3 Bxe3
15. fxe3 c6 16. d4 exd4 17. cxd4 O-O-O 18. Bd3 g6 19. Kd2 d5 20. e5 Rgf8 21. f4
f6 22. Raf1 fxe5 23. fxe5 Kd7 24. Be2 Nf5 25. Bg4 Ke7 26. Ne1 c5 27. Bxf5 gxf5
28. dxc5 d4 29. Nd3 Rd5 30. exd4 Rxd4 31. Kc3 Rd5 32. Rf3 f4 33. Rg4 Rf5 34. Rh4
h5 35. Nxf4 Rxc5+ 36. Kd2 Nxf4 37. Rhxf4 Rxf4 38. Rxf4 Rxe5 1/2-1/2

[Event "50th Rilton Cup 2022-23"]
[Site "Stockholm SWE"]
[Date "2022.12.28"]
[Round "2.37"]
[White "Larsen, Karsten"]
[Black "Koelle, Tobias"]
[Result "0-1"]
[WhiteTitle "FM"]
[BlackTitle "FM"]
[WhiteElo "2248"]
[BlackElo "2439"]
[WhiteFideId "1404288"]
[BlackFideId "16207378"]
[EventDate "2022.12.27"]

1. e4 c5 2. Nf3 d6 3. Bb5+ Nd7 4. c3 Nf6 5. Qe2 a6 6. Ba4 b5 7. Bc2 Bb7 8. O-O
e6 9. d4 Be7 10. Re1 Qc7 11. e5 Nd5 12. Bg5 Bxg5 13. Nxg5 cxd4 14. exd6 Qxd6 15.
cxd4 N7f6 16. Nd2 Qe7 17. Nde4 O-O 18. Qd3 g6 19. Nxf6+ Nxf6 20. Qh3 Bd5 21. Re3
Kg7 22. Qh4 h6 23. Nf3 Rac8 24. Bd3 Bxf3 25. Rxf3 Rc7 26. Re1 Rd8 27. Qg3 Rcd7
28. h3 Rxd4 29. Rfe3 Qd6 30. Qxd6 R8xd6 31. Bc2 Nd5 32. Rf3 0-1

[Event "50th Rilton Cup 2022-23"]
[Site "Stockholm SWE"]
[Date "2022.12.28"]
[Round "2.38"]
[White "Seo, Jung Hyun"]
[Black "Milikow, Elie"]
[Result "0-1"]
[BlackTitle "FM"]
[WhiteElo "2156"]
[BlackElo "2427"]
[WhiteFideId "1735667"]
[BlackFideId "371281868"]
[EventDate "2022.12.27"]

1. e4 c5 2. Nf3 Nc6 3. d4 cxd4 4. Nxd4 Nf6 5. Nc3 e5 6. Ndb5 d6 7. Bg5 a6 8. Na3
Be6 9. Nc4 Rb8 10. Nd5 Bxd5 11. Bxf6 gxf6 12. Qxd5 Nd4 13. Ne3 Bh6 14. Bc4 O-O
15. O-O-O b5 16. Bb3 Qb6 17. Kb1 Rbc8 18. Rxd4 Bxe3 19. fxe3 exd4 20. exd4 a5
21. Rd1 a4 22. Rd3 Qa5 23. c3 axb3 24. Rg3+ Kh8 25. Qf5 Qxa2+ 26. Kc1 Qa1+ 27.
Kd2 Qxb2+ 28. Ke1 Qc1+ 29. Ke2 Qh6 30. Rh3 Qg6 31. Qf3 b2 32. Rg3 Rxc3 33. Qxc3
Qxe4+ 34. Re3 Qxg2+ 0-1

[Event "50th Rilton Cup 2022-23"]
[Site "Stockholm SWE"]
[Date "2022.12.28"]
[Round "2.39"]
[White "Vestby-Ellingsen, Mads"]
[Black "Ruiz Buendia, Miguel"]
[Result "0-1"]
[WhiteTitle "IM"]
[BlackTitle "FM"]
[WhiteElo "2389"]
[BlackElo "2257"]
[WhiteFideId "1520857"]
[BlackFideId "24537675"]
[EventDate "2022.12.27"]

1. e4 c5 2. Nf3 d6 3. d4 cxd4 4. Nxd4 Nf6 5. Nc3 a6 6. Be2 e5 7. Nb3 Be7 8. Be3
O-O 9. O-O Be6 10. Re1 Nbd7 11. a4 Rc8 12. a5 Rxc3 13. bxc3 Nxe4 14. Qd3 f5 15.
c4 Qc7 16. Red1 Qc6 17. f3 Nef6 18. Bc1 Rc8 19. Ba3 Ne8 20. Nd2 Nc5 21. Qe3 Nf6
22. Nb3 f4 23. Qd2 d5 24. cxd5 Bxd5 25. Qc3 Nxb3 26. Qxc6 Rxc6 27. cxb3 Bxa3 28.
Rxa3 Kf7 29. Raa1 Rc2 30. Bd3 Rc3 31. b4 Ke6 32. Rac1 Rb3 33. Rb1 Ra3 34. Bf1 g5
35. Ra1 Rc3 36. Rdc1 Rb3 37. Rab1 Ra3 38. Bc4 Bxc4 39. Rxc4 Nd5 40. Rc8 Ra2 41.
Re8+ Kf6 42. Rg8 Ne3 43. g3 h5 44. gxf4 exf4 45. Rc1 g4 46. Rf8+ Kg5 47. Rc5+
Kh4 48. Rh8 Ra1+ 49. Kf2 Ra2+ 50. Ke1 Kh3 51. Rhxh5+ Kg2 52. Rce5 gxf3 53. Rhg5+
Kh1 0-1

[Event "50th Rilton Cup 2022-23"]
[Site "Stockholm SWE"]
[Date "2022.12.28"]
[Round "2.40"]
[White "Muetsch, Annmarie"]
[Black "Peyrer, Konstantin"]
[Result "0-1"]
[WhiteTitle "WIM"]
[BlackTitle "FM"]
[WhiteElo "2251"]
[BlackElo "2380"]
[WhiteFideId "12971367"]
[BlackFideId "1640879"]
[EventDate "2022.12.27"]

1. e4 e6 2. d4 d5 3. e5 c5 4. c3 Nc6 5. Nf3 Bd7 6. a3 c4 7. Nbd2 f6 8. g3 Qc7 9.
Qe2 O-O-O 10. Bg2 Nh6 11. O-O Nf5 12. b3 fxe5 13. dxe5 Qa5 14. bxc4 Qxc3 15. Rb1
Ncd4 16. Qd1 Nxf3+ 17. Bxf3 Bc6 18. cxd5 Bxd5 19. Bxd5 Rxd5 20. Qa4 Kb8 21. Ne4
Qc8 22. Bb2 Be7 23. Bc3 Qd7 24. Qb3 Rc8 25. Rfd1 Qc6 26. Rxd5 Qxd5 27. Nd6 Nxd6
28. exd6 Bxd6 29. Qb2 g5 30. Bf6 b6 31. Re1 Kb7 32. a4 Qf5 33. Bd4 Rc4 34. Ra1
Qd5 35. Bf6 a5 36. Qe2 Bc5 37. Rd1 Qf5 38. Bxg5 Rxa4 39. Be3 Bxe3 40. Qxe3 Re4
41. Qc3 Qf7 42. Rd6 Qc7 43. Qd2 Qc4 44. Rd8 Qc6 45. Rd7+ Ka6 46. Rd8 Rc4 47. Qd3
Qe4 48. Qf1 a4 49. Rf8 Qc6 50. Qd3 b5 51. Rf3 Qd5 52. Qe3 Rb4 0-1

[Event "50th Rilton Cup 2022-23"]
[Site "Stockholm SWE"]
[Date "2022.12.28"]
[Round "2.41"]
[White "Park, Evan"]
[Black "Levi, Netanel"]
[Result "1-0"]
[WhiteTitle "IM"]
[WhiteElo "2362"]
[BlackElo "2179"]
[WhiteFideId "30931142"]
[BlackFideId "2815400"]
[EventDate "2022.12.27"]

1. e4 c5 2. Nf3 Nc6 3. d4 cxd4 4. Nxd4 e5 5. Nb5 d6 6. c4 Nf6 7. N1c3 Be6 8. Be2
Rc8 9. Be3 a6 10. O-O g6 11. Nd5 Bxd5 12. cxd5 Nd4 13. Nc3 Nxe2+ 14. Qxe2 b5 15.
f3 Bg7 16. a4 b4 17. Na2 a5 18. Qb5+ Nd7 19. Rac1 Rb8 20. Qa6 Ke7 21. Rc6 Ra8
22. Qc4 Qb8 23. Nc1 Rc8 24. Nb3 Rxc6 25. dxc6 Qc7 26. Rc1 Nf8 27. Qb5 Ne6 28.
Bb6 Qc8 29. Nxa5 Bh6 30. Rd1 Rb8 31. Nb7 Nd4 32. Bxd4 exd4 33. e5 Be3+ 34. Kh1
dxe5 35. Qxe5+ Kf8 36. c7 Ra8 37. Qc5+ Kg7 38. Nd6 Qf8 39. Qc6 Bf4 40. c8=Q Rxc8
41. Nxc8 Be5 42. Qd5 f6 43. Qd7+ Kh6 44. Qh3+ Kg7 45. f4 1-0

[Event "50th Rilton Cup 2022-23"]
[Site "Stockholm SWE"]
[Date "2022.12.28"]
[Round "2.42"]
[White "Meshkovs, Nikita"]
[Black "Tulchynskyi, Feliks"]
[Result "1/2-1/2"]
[WhiteTitle "GM"]
[WhiteElo "2566"]
[BlackElo "2135"]
[WhiteFideId "11602740"]
[BlackFideId "34127895"]
[EventDate "2022.12.27"]

1. Nf3 d5 2. g3 c6 3. Bg2 Nf6 4. O-O Bg4 5. h3 Bh5 6. d3 Nbd7 7. Qe1 e5 8. e4
dxe4 9. dxe4 Bc5 10. Nbd2 O-O 11. Nc4 Re8 12. Nh4 Qc7 13. a4 Rad8 14. a5 b5 15.
axb6 axb6 16. b4 Bf8 17. Be3 Ra8 18. Rxa8 Rxa8 19. f4 b5 20. Nxe5 Nxe5 21. fxe5
Qxe5 22. Nf5 Rd8 23. g4 Bg6 24. c3 c5 25. bxc5 Bxc5 26. Bd4 Bxf5 27. Rxf5 Bxd4+
28. cxd4 Qxd4+ 29. Kh2 g6 30. Rxb5 Re8 31. e5 Nd7 32. Rd5 Qf4+ 33. Qg3 Qxg3+ 34.
Kxg3 Nxe5 35. Kf4 f6 36. g5 fxg5+ 37. Kxg5 Kg7 38. Kf4 Kf6 39. h4 h6 40. Rd6+
Re6 41. Rd8 g5+ 42. hxg5+ hxg5+ 43. Kg3 Ra6 44. Rf8+ Kg7 45. Ra8 Rxa8 46. Bxa8
Kf6 1/2-1/2